Параметрические резонансы и неустойчивость геологических мезоструктур; Физическая мезомеханика; Т. 8, № 2

Detalles Bibliográficos
Parent link:Физическая мезомеханика/ Институт физики прочности и материаловедения ; Российская академия наук (РАН), Сибирское отделение (СО), Институт физики прочности и материаловедения (ИФПМ).— , 1998-.— 1683-805X
Т. 8, № 2.— 2005.— с. 5-10
Autor Principal: Сибиряков Б. П.
Idioma:ruso
Publicado: 2005
Subjects:
Formato: Capítulo de libro
KOHA link:https://koha.lib.tpu.ru/cgi-bin/koha/opac-detail.pl?biblionumber=449812

MARC

LEADER 00000naa2a2200000 4500
001 449812
005 20231101083231.0
035 |a (RuTPU)RU\TPU\prd\111923 
035 |a RU\TPU\prd\36391 
090 |a 449812 
100 |a 20110608a2005 k y0rusy50 ca 
101 0 |a rus 
102 |a RU 
200 1 |a Параметрические резонансы и неустойчивость геологических мезоструктур  |f Б. П. Сибиряков 
320 |a Библиогр.: 3 назв. 
461 0 |0 (RuTPU)RU\TPU\prd\353  |x 1683-805X  |t Физическая мезомеханика  |f Институт физики прочности и материаловедения ; Российская академия наук (РАН), Сибирское отделение (СО), Институт физики прочности и материаловедения (ИФПМ)  |d 1998- 
463 0 |0 (RuTPU)RU\TPU\prd\111922  |t Т. 8, № 2  |v с. 5-10  |d 2005 
610 1 |a мезоструктуры 
610 1 |a параметрические резонансы 
610 1 |a неустойчивость 
610 1 |a микронеординарные среды 
610 1 |a сплошность 
610 1 |a периодические колебания 
610 1 |a уравнения 
610 1 |a геологические среды 
700 1 |a Сибиряков  |b Б. П. 
801 1 |a RU  |b 63413507  |c 20050607  |g PSBO 
801 2 |a RU  |b 63413507  |c 20110608  |g RCR 
942 |c BK